East Timor: a case of cultural genocide?

Gespeichert in:  
Bibliographische Detailangaben
1. VerfasserIn: Dunn, James (Verfasst von)
Medienart: Druck Aufsatz
Sprache:Englisch
Veröffentlicht: 1994
In: Genocide
Jahr: 1994, Seiten: 171-190
Verfügbarkeit prüfen: HBZ Gateway
Schlagwörter:

MARC

LEADER 00000caa a22000002c 4500
001 1526008920
003 DE-627
005 20220604105137.0
007 tu
008 160223s1994 xx ||||| 00| ||eng c
020 |a 9780812216165 
035 |a (DE-627)1526008920 
035 |a (DE-576)456008926 
035 |a (DE-599)BSZ456008926 
040 |a DE-627  |b ger  |c DE-627  |e rakwb 
041 |a eng 
100 1 |a Dunn, James  |4 aut 
245 1 0 |a East Timor: a case of cultural genocide?  |c James Dunn 
264 1 |c 1994 
336 |a Text  |b txt  |2 rdacontent 
337 |a ohne Hilfsmittel zu benutzen  |b n  |2 rdamedia 
338 |a Band  |b nc  |2 rdacarrier 
773 0 8 |i In  |t Genocide  |d Philadelphia : Univ. of Pennsylvania Press, 1994  |g (1994), Seite 171-190  |h 265 S.  |w (DE-627)1624562841  |w (DE-576)040512878  |z 9780812216165  |z 0812232496  |7 nnam 
773 1 8 |g year:1994  |g pages:171-190 
935 |a mkri 
951 |a AR 
ELC |b 1 
LOK |0 000 xxxxxcx a22 zn 4500 
LOK |0 001 2899509853 
LOK |0 003 DE-627 
LOK |0 004 1526008920 
LOK |0 005 20160223100807 
LOK |0 008 160208||||||||||||||||ger||||||| 
LOK |0 040   |a DE-21-110  |c DE-627  |d DE-21-110 
LOK |0 689   |a s  |a Völkermord 
LOK |0 852   |z Kein Bestand am IfK; Nachweis für KrimDok 
LOK |0 852   |a DE-21-110 
LOK |0 852 1  |m v  |9 00 
LOK |0 935   |a k110 
LOK |0 938   |k v 
LOK |0 939   |a 08-02-16  |b l01 
ORI |a SA-MARC-krimdoka001.raw